000 00359cam a22001217a 4500
008 180718b1979 xxu||||| |||| 00| 0 eng d
082 _aB2 J599
100 _aJohari, J.C.
245 _aContemporary political theory: basic concepts and major trends
_cby J.C. Johari
260 _aNew Delhi
_bSterling
_c1979
300 _axv, 445p
650 _aPolitical science.
999 _c419751
_d419751